Advanced listening and speaking CAE (with answer key)

সংরক্ষণ করুন:
গ্রন্থ-পঞ্জীর বিবরন
প্রধান লেখক: Kathy Gude
বিন্যাস: গ্রন্থ
ভাষা:Undetermined
প্রকাশিত: Oxford Oxford Univ. Press 1997
বিষয়গুলি:
ট্যাগগুলো: ট্যাগ যুক্ত করুন
কোনো ট্যাগ নেই, প্রথমজন হিসাবে ট্যাগ করুন!
Thư viện lưu trữ: Trung tâm Học liệu Trường Đại học Cần Thơ
LEADER 00650nam a2200193Ia 4500
001 CTU_35067
008 210402s9999 xx 000 0 und d
020 |b 55.000đ 
082 |a 428.24 
082 |b G922a 
100 |a Kathy Gude 
245 0 |a Advanced listening and speaking CAE (with answer key) 
245 0 |c Kathy Gude 
260 |a Oxford 
260 |b Oxford Univ. Press 
260 |c 1997 
650 |a english language - spoken english - problems, exercises, etc,english language - textbooks for foreign speakers,listening - problems, exercises, etc 
904 |i Minh, 000215 
980 |a Trung tâm Học liệu Trường Đại học Cần Thơ